Aliens and nationality : 1201 - 1254a. title 8 USCS (Record no. 240746)

MARC details
000 -LEADER
fixed length control field 00556nam a2200169Ia 4500
008 - FIXED-LENGTH DATA ELEMENTS--GENERAL INFORMATION
fixed length control field 191130s2007##################000#0#eng##
020 ## - INTERNATIONAL STANDARD BOOK NUMBER
ISBN 9780327130437
082 ## - DEWEY DECIMAL CLASSIFICATION NUMBER
Classification number 348.7323 UNI.8-9
245 ## - TITLE STATEMENT
Title Aliens and nationality : 1201 - 1254a. title 8 USCS
Statement of responsibility, etc United States
260 ## - PUBLICATION, DISTRIBUTION, ETC. (IMPRINT)
Place of publication New York
Name of publisher Lawyers Cooperative, LexisNexis
Year of publication 2007
300 ## - PHYSICAL DESCRIPTION
Number of Pages xxxiii,726 p.; 24 cm
650 ## - SUBJECT ADDED ENTRY--TOPICAL TERM
Topical Term Law
991 ## -
-- 376959
Holdings
Withdrawn status Lost status Damaged status Not for loan Home library Current library Shelving location Date acquired Full call number Accession Number Price effective from Koha item type
        Anna Centenary Library Anna Centenary Library 4TH FLOOR, A WING 13.10.2020 348.7323 UNI.8-9 478864 13.10.2020 English Books
        Anna Centenary Library Anna Centenary Library 4TH FLOOR, A WING 13.10.2020 348.7323 UNI.8-9 478865 13.10.2020 English Books
        Anna Centenary Library Anna Centenary Library 4TH FLOOR, A WING 13.10.2020 348.7323 UNI.8-9 478872 13.10.2020 English Books
        Anna Centenary Library Anna Centenary Library 4TH FLOOR, A WING 13.10.2020 348.7323 UNI.8-9 478874 13.10.2020 English Books
        Anna Centenary Library Anna Centenary Library 4TH FLOOR, A WING 13.10.2020 348.7323 UNI.8-9 478878 13.10.2020 English Books
        Anna Centenary Library Anna Centenary Library 4TH FLOOR, A WING 13.10.2020 348.7323 UNI.8-9 478879 13.10.2020 English Books
        Anna Centenary Library Anna Centenary Library 4TH FLOOR, A WING 13.10.2020 348.7323 UNI.8-9 478880 13.10.2020 English Books
        Anna Centenary Library Anna Centenary Library 4TH FLOOR, A WING 13.10.2020 348.7323 UNI.8-9 478881 13.10.2020 English Books

Find us on the map